| 000 | 03158cam a2200325 a 4500 | ||
|---|---|---|---|
| 001 | 15640221 | ||
| 005 | 20170105102350.0 | ||
| 008 | 090226s2010 caua bf 001 0 eng | ||
| 010 | _a 2009008632 | ||
| 020 | _a9781412961035 (pbk. : acidfree paper) | ||
| 020 | _a1412961033 (pbk. : acidfree paper) | ||
| 035 | _a(OCoLC)ocn311263094 | ||
| 040 |
_aDLC _cDLC _dYDX _dYDXCP _dCDX _dDLC |
||
| 050 | 0 | 0 |
_aLB2395.7 _b.H23 2010 |
| 082 | 0 | 0 |
_a378.17344678 _222 |
| 245 | 0 | 0 |
_aHandbook of online learning _cKjell Erik Rudestam, Judith Schoenholtz-Read. |
| 250 | _a2nd ed. | ||
| 260 |
_aThousand Oaks, Calif. : _bSAGE Publications, _c2010. |
||
| 300 |
_axvii, 501 p. : _bill. ; _c26 cm. |
||
| 504 | _aIncludes bibliographical references and index. | ||
| 505 | 0 | _aThe flourishing of adult online education : an overview / Kjell Rudestam and Judith Schoenholtz-Read -- Presence in teleland / Gary Fontaine and Grace Chun -- The challenges of culture and community in online academic environments / Jeremy J. Shapiro and Shelley K. Hughes -- Evolving technologies / Robin Mason and Frank Rennie -- Applying social systems thinking and community informatics thinking in education : building efficient online learning design culture in universities / Pierre-Léonard Harvey -- Media psychology controls the mouse that roars / Bernard Luskin and James Hirsen -- Globalization in online learning / Janet Poley -- Online learning research / Yolanda Gazol -- Uncertain frontiers : exploring ethical dimensions of online learning / Dottie Agga-Gupta -- Revisiting the design and delivery of an interactive online graduate program / Judy Stevens-Long and Charles Crowell -- Candlepower : the intimate flow of online collaborative learning / Barclay Hudson -- Designing and developing web-based intelligent tutoring systems : a step-by step approach with practical applications / Kay Wijekumar -- Synthesizing higher education and corporate learning strategies / Bruce LaRue and Stephanie Galindo -- Teaching action research at a distance / Jenny Edwards and Sue Marquis Gordon -- Beyond the looking glass : what faculty and students need to be successful online / Rena M. Palloff and Keith Pratt -- Teaching professionals to be effective online facilitators and instructors : lessons from hard-won experience / Leni Wildflower -- Leadership and management of online learning environments in universities / Anna DiStefano and Judy Witt -- Accrediting online institutions and programs : quality assurance or bureaucratic hurdle? / Ralph Wolff -- Virtual libraries in online learning / Stefan Kramer. | |
| 650 | 0 |
_aEducation, Higher _xComputer-assisted instruction _vHandbooks, manuals, etc. |
|
| 650 | 0 |
_aInternet in education _vHandbooks, manuals, etc. |
|
| 650 | 0 |
_aEmployees _xTraining of _xComputer-assisted instruction _vHandbooks, manuals, etc. |
|
| 700 | 1 | _aRudestam, Kjell Erik. | |
| 700 | 1 | _aSchoenholtz-Read, Judith. | |
| 906 |
_a7 _bcbc _corignew _d1 _eecip _f20 _gy-gencatlg |
||
| 942 |
_2ddc _cBK |
||
| 999 |
_c11902 _d11902 |
||